| 000 | 02457nam a2200445 a 4500 | ||
|---|---|---|---|
| 001 | ebr10245751 | ||
| 003 | CaPaEBR | ||
| 006 | m u | ||
| 007 | cr cn||||||||| | ||
| 008 | 060901s2007 txuab sb s001 0 eng | ||
| 010 | _z 2006029141 | ||
| 015 |
_aGBA728308 _2bnb |
||
| 016 | 7 |
_z013715403 _2Uk |
|
| 020 | _z9780292716582 (cloth : alk. paper) | ||
| 020 | _z0292716583 (cloth : alk. paper) | ||
| 020 | _z9780292716599 (pbk. : alk. paper) | ||
| 020 | _z0292716591 (pbk. : alk. paper) | ||
| 040 |
_aCaPaEBR _cCaPaEBR |
||
| 035 | _a(OCoLC)646761204 | ||
| 043 | _as-cl--- | ||
| 050 | 1 | 4 |
_aF3126 _b.B33 2007eb |
| 082 | 0 | 4 |
_a299.8/872 _222 |
| 100 | 1 | _aBacigalupo, Ana Mariella. | |
| 245 | 1 | 0 |
_aShamans of the foye tree _h[electronic resource] : _bgender, power, and healing among Chilean Mapuche / _cAna Mariella Bacigalupo. |
| 250 | _a1st ed. | ||
| 260 |
_aAustin : _bUniversity of Texas Press, _c2007. |
||
| 300 |
_axi, 321 p. : _bill., maps. |
||
| 504 | _aIncludes bibliographical references (p. [279]-306) and index. | ||
| 505 | 0 | _aIntroduction: The gendered realm of the foye tree -- The ambiguous powers of machi : illness, awingkamiento, and the modernization of witchcraft -- Gendered rituals for cosmic order : shamanic struggles for wholeness -- Ritual gendered relationships : kinship, marriage, mastery, and machi modes of personhood -- The struggle for Machi masculinity : colonial politics of gender, sexuality, and power -- Machi as gendered symbols of tradition : national discourses and Mapuche resistance movements -- The responses of male machi to homophobia : reinvention as priests, doctors, and spiritual warriors -- Female machi : embodying tradition or contesting gender norms? -- Representing the gendered identities of machi : paradoxes and conflicts. | |
| 533 |
_aElectronic reproduction. _bPalo Alto, Calif. : _cebrary, _d2013. _nAvailable via World Wide Web. _nAccess may be limited to ebrary affiliated libraries. |
||
| 650 | 0 |
_aMapuche Indians _xRites and ceremonies. |
|
| 650 | 0 |
_aMapuche Indians _xGovernment relations. |
|
| 650 | 0 |
_aIndigenous peoples _xEcology _zChile. |
|
| 650 | 0 |
_aShamans _zChile. |
|
| 650 | 0 |
_aTrees _xReligious aspects. |
|
| 651 | 0 |
_aChile _xSocial life and customs. |
|
| 655 | 7 |
_aElectronic books. _2local |
|
| 710 | 2 | _aebrary, Inc. | |
| 856 | 4 | 0 |
_uhttp://site.ebrary.com/lib/rucke/Doc?id=10245751 _zAn electronic book accessible through the World Wide Web; click to view |
| 999 |
_c150293 _d150293 |
||